00514cam a22002051 4500001001300000003000400013005001700017008004100034010001700075035002000092040001800112050001600130100002900146245003200175260001100207300002900218500001500247650002900262999001700291sa 68010396 DLC20260227112551.0890331s1967 xx 000 0 ara  asa 68010396  a(OCoLC)23498297 aDLCcMiUdDLC00aPN6119b.A91 aal-Azhari, Md. Alauddin.13aal-Inshāʼ al-ʻaṣrī. c[1967] a4, 4, 155, 16 p.c18 cm. aRomanized. 0aArabic languagexReaders c83383d83383